| 000 | 00739nam a2200217 4500 | ||
|---|---|---|---|
| 001 | 135963 | ||
| 003 | ES-MaACL | ||
| 005 | 20250809062557.0 | ||
| 007 | t| | ||
| 008 | 070214s1960 sp r ||||1| spa d | ||
| 100 | 1 |
_aRuiz-Giménez, Joaquín, _d1913-2009 _9100820 |
|
| 245 | 1 | 0 |
_aIntroducción a la filosofía jurídica / _cJoaquín Ruiz-Giménez. |
| 250 | _a2ª ed. rev. | ||
| 260 |
_aMadrid : _bE.P.E.S.A. [Ediciones y Publicaciones Españolas], _c1960. |
||
| 300 |
_a529 p. ; _c20 cm. |
||
| 490 | 1 | _aNorma. Colección de manuales universitarios | |
| 650 | 4 |
_aDerecho- _xFilosofía _911620 |
|
| 830 | 1 |
_aNorma. Colección de manuales universitarios _9219962 |
|
| 852 |
_aES-MaACL _jC-18970 |
||
| 999 |
_c135963 _d135963 |
||